[Event "ISR-chT"]
[Site "Israel"]
[Date "2019.03.09"]
[Round "10.5"]
[White "Mindlin, Alon"]
[Black "Kunin, Pavel"]
[Result "1/2-1/2"]
[WhiteElo "2462"]
[BlackElo "2261"]
[PlyCount "90"]
[EventDate "2019.01.04"]
[EventType "team-tourn"]
[EventRounds "11"]
[EventCountry "ISR"]
[SourceTitle "CBM 189 Extra"]
[Source "ChessBase"]
[SourceDate "2019.06.03"]
[SourceVersion "1"]
[SourceVersionDate "2019.06.03"]
[SourceQuality "1"]
[WhiteTeam "Kfar Saba"]
[BlackTeam "Tsafrir Rehovot"]
[WhiteTeamCountry "ISR"]
[BlackTeamCountry "ISR"]

1. d4 d5 2. c4 e6 3. Nc3 Be7 4. Nf3 f5 5. h3 Nf6 6. g4 c6 7. gxf5 exf5 8. Rg1 Kf8 9. Qb3 Qb6 10. Qc2 dxc4 11. e3 Qa6 12. Ne5 Be6 13. b3 b5 14. bxc4 bxc4 15. Qa4 c5 16. Bg2 Qxa4 17. Nxa4 Ne4 18. Nxc5 Bxc5 19. dxc5 Nd7 20. Nxd7+ Bxd7 21. Bb2 Rg8 22. 0-0-0 Ke7 23. Bxe4 fxe4 24. Rd4 Be6 25. Rxe4 Rac8 26. Rg5 h6 27. Rge5 Rc6 28. Rxc4 Rf8 29. f4 g5 30. Rb4 gxf4 31. exf4 Rf5 32. Rb7+ Ke8 33. Rxf5 Bxf5 34. Ba3 Ra6 35. Rb3 Ra4 36. Kd2 Rxf4 37. c6 Kd8 38. Rb7 Rc4 39. Rxa7 Rxc6 40. h4 Bc8 41. Be7+ Ke8 42. a3 Re6 43. Bc5 Re4 44. a4 Rxh4 45. a5 Rc4 1/2-1/2

[Event "Chigorin Memorial 23rd"]
[Site "St Petersburg"]
[Date "2015.10.05"]
[Round "3"]
[White "Kunin, Pavel"]
[Black "Matchenya, Ivan"]
[Result "1/2-1/2"]
[WhiteElo "1957"]
[BlackElo "1795"]
[PlyCount "131"]
[EventDate "2015.10.03"]
[EventType "swiss"]
[EventRounds "9"]
[EventCountry "RUS"]
[SourceTitle "CBM 168 Extra"]
[Source "ChessBase"]
[SourceDate "2015.10.29"]
[SourceVersion "1"]
[SourceVersionDate "2015.10.29"]
[SourceQuality "1"]

1. Nf3 Nf6 2. d4 g6 3. g3 Bg7 4. Bg2 0-0 5. 0-0 d5 6. c4 Nc6 7. cxd5 Nxd5 8. e4 Nb6 9. d5 Na5 10. Nc3 c6 11. Nd4 cxd5 12. exd5 Nac4 13. b3 Nd6 14. Be3 Ne8 15. Rc1 a6 16. h3 Nf6 17. Qf3 Nbd7 18. Rfd1 Ne5 19. Qe2 Qd6 20. Kh2 h5 21. f4 Ned7 22. Nf3 e6 23. Ng5 exd5 24. Nxd5 Nxd5 25. Rxd5 Qe7 26. Qd2 Re8 27. Bf2 Nf8 28. Re1 Ne6 29. f5 gxf5 30. Rxf5 Bh6 31. Qa5 Bxg5 32. Rxg5+ Qxg5 33. Qxg5+ Nxg5 34. Rxe8+ Kg7 35. Bd4+ f6 36. Bd5 Be6 37. Rxa8 Bxd5 38. Be3 Nf3+ 39. Kg2 Ng5+ 40. Kf1 Nxh3 41. Rd8 Bc6 42. Rd6 Kg6 43. Bd4 Kg5 44. Bxf6+ Kg4 45. Bh4 Kf3 46. Rd3+ Kg4 47. a4 Ng5 48. Rd4+ Ne4 49. Ke2 Kf5 50. Kd3 Ke5 51. Rc4 Bd5 52. Rb4 Nc5+ 53. Kc2 Be4+ 54. Kc3 Bd5 55. a5 Ne4+ 56. Kb2 Nc5 57. Ka3 Ne4 58. Rb6 Bc6 59. Kb4 Kd5 60. Ka3 Ke5 61. Bd8 Kd5 62. Bc7 Nc3 63. Bb8 Nb5+ 64. Kb4 Kd4 65. Bf4 Na7 66. Ka3 1/2-1/2

[Event "Chigorin Memorial 21st"]
[Site "St Petersburg"]
[Date "2013.10.05"]
[Round "1"]
[White "Melnikov, Dmitry"]
[Black "Kunin, Pavel"]
[Result "1-0"]
[WhiteElo "2311"]
[BlackElo "1880"]
[PlyCount "107"]
[EventDate "2013.10.05"]
[EventType "swiss"]
[EventRounds "9"]
[EventCountry "RUS"]
[SourceTitle "CBM 156 Extra"]
[Source "ChessBase"]
[SourceDate "2013.10.22"]
[SourceVersion "1"]
[SourceVersionDate "2013.10.22"]
[SourceQuality "1"]

1. e4 e5 2. Nf3 d6 3. d4 exd4 4. Nxd4 Nf6 5. Nc3 Be7 6. Bc4 0-0 7. 0-0 Nbd7 8. Re1 Ne5 9. Bb3 c5 10. Nf3 Bg4 11. Bf4 Bxf3 12. gxf3 Qc8 13. Nd5 Nxd5 14. Bxd5 Qh3 15. Bg3 h5 16. f4 Ng6 17. Re3 Nh4 18. Qf1 Qxf1+ 19. Kxf1 Ng6 20. f5 Ne5 21. Bxe5 dxe5 22. Bxb7 Rab8 23. Rb3 Kh7 24. Bd5 Rb6 25. Rd1 Kg8 26. Ke2 Rfb8 27. Bc4 Rxb3 28. axb3 Rd8 29. Bd5 Kf8 30. Kd3 g5 31. fxg6 fxg6 32. Ra1 Rd7 33. Ra6 Kg7 34. Re6 Bg5 35. h3 Bf4 36. Rc6 g5 37. f3 Bc1 38. Kc3 Rd8 39. Rc7+ Kg6 40. Bf7+ Kh6 41. Rxc5 Bd2+ 42. Kc4 Rd4+ 43. Kb5 Rb4+ 44. Kc6 Rb6+ 45. Kd5 Rf6 46. Rc6 Rxc6 47. Kxc6 g4 48. fxg4 h4 49. Kd5 Kg5 50. Kxe5 Bc1 51. c4 Bxb2+ 52. Kd5 Kf4 53. c5 Be5 54. g5 1-0

[Event "St Petersburg Spring op"]
[Site "St Petersburg"]
[Date "2012.03.25"]
[Round "4"]
[White "Kunin, Pavel"]
[Black "Pershin, Denis"]
[Result "0-1"]
[WhiteElo "1844"]
[BlackElo "2139"]
[PlyCount "92"]
[EventDate "2012.03.22"]
[EventType "swiss"]
[EventRounds "9"]
[EventCountry "RUS"]
[SourceTitle "EXT 2013"]
[Source "ChessBase"]
[SourceDate "2012.11.22"]
[SourceVersion "1"]
[SourceVersionDate "2012.11.22"]
[SourceQuality "1"]

1. e4 c6 2. d4 d5 3. Nc3 dxe4 4. Nxe4 Bf5 5. Ng3 Bg6 6. h4 h6 7. Nf3 Nd7 8. h5 Bh7 9. Bd3 Bxd3 10. Qxd3 Ngf6 11. Bf4 Qa5+ 12. Bd2 Qc7 13. 0-0-0 e6 14. Kb1 Bd6 15. Ne4 Nxe4 16. Qxe4 Nf6 17. Qd3 0-0-0 18. c4 Bf4 19. Bc3 Kb8 20. Qc2 Rhe8 21. g3 Bd6 22. c5 Bf8 23. Ne5 Nd5 24. Nc4 Be7 25. Rhe1 Ka8 26. a3 Bf6 27. f4 b6 28. Ne5 Bxe5 29. fxe5 bxc5 30. dxc5 Qe7 31. Bd4 Qg5 32. Rd3 Qxh5 33. b4 Nc7 34. a4 Qg6 35. Qc4 Rd5 36. Ka2 a6 37. Rb1 Rb8 38. Qc3 Qe4 39. Rb3 Rbd8 40. b5 Rxd4 41. b6 Rxa4+ 42. Kb2 Qxd3 43. Qxd3 Rxd3 44. Rxd3 Nd5 45. Rf3 f6 46. exf6 gxf6 0-1

[Event "St Petersburg Spring op"]
[Site "St Petersburg"]
[Date "2012.03.22"]
[Round "1"]
[White "Kunin, Pavel"]
[Black "Sichinava, Zviad"]
[Result "0-1"]
[WhiteElo "1844"]
[BlackElo "2338"]
[PlyCount "68"]
[EventDate "2012.03.22"]
[EventType "swiss"]
[EventRounds "9"]
[EventCountry "RUS"]
[SourceTitle "EXT 2013"]
[Source "ChessBase"]
[SourceDate "2012.11.22"]
[SourceVersion "1"]
[SourceVersionDate "2012.11.22"]
[SourceQuality "1"]

1. e4 e6 2. d4 d5 3. Nc3 Bb4 4. e5 c5 5. a3 Ba5 6. b4 cxd4 7. Nb5 Bc7 8. f4 Bd7 9. Nxd4 Bb6 10. Be3 Qc7 11. Qd2 a6 12. Ngf3 Ne7 13. Bd3 Nbc6 14. c3 Nxd4 15. cxd4 Bb5 16. 0-0 Bxd3 17. Qxd3 h5 18. Rfc1 Qd7 19. a4 Nf5 20. Bf2 0-0 21. Qa3 Rfc8 22. g3 g6 23. Kg2 Rc4 24. Rxc4 dxc4 25. Rd1 Rc8 26. a5 Bd8 27. Qc3 Ne7 28. Nd2 Nd5 29. Qc1 Nxb4 30. Ne4 Qd5 31. Kf3 c3 32. Ke3 c2 33. Rd2 Na2 34. Rxc2 Qb3+ 0-1

[Event "Canarias en Red prel 3rd"]
[Site "Playchess.com INT"]
[Date "2004.05.05"]
[Round "3"]
[White "Kunin, Pavel"]
[Black "Brito Garcia, Alfredo"]
[Result "1-0"]
[WhiteElo "2188"]
[BlackElo "2359"]
[PlyCount "61"]
[EventDate "2004.05.05"]
[EventType "swiss (blitz)"]
[EventRounds "13"]
[EventCountry "GER"]
[SourceTitle "EXT 2005"]
[Source "ChessBase"]
[SourceDate "2004.11.15"]
[SourceVersion "1"]
[SourceVersionDate "2004.11.15"]
[SourceQuality "1"]

1. d4 g6 2. c4 Bg7 3. Nc3 d6 4. Nf3 Nd7 5. e4 e5 6. Be2 Ne7 7. 0-0 0-0 8. Bg5 f6 9. Be3 Nc6 10. Nd5 Rf7 11. b4 Ne7 12. Qb3 Nxd5 13. cxd5 h6 14. Rac1 f5 15. exf5 gxf5 16. dxe5 Nxe5 17. Nd4 f4 18. Ne6 Qh4 19. g3 fxg3 20. fxg3 Rxf1+ 21. Rxf1 Qe7 22. Nxg7 Qxg7 23. Bf4 Bh3 24. Rc1 Rf8 25. Qe3 Ng6 26. Bxh6 Qf7 27. Bxf8 Qxf8 28. Bf1 Bf5 29. Bg2 Qg7 30. Qc3 Ne5 31. Qxc7 1-0

[Event "Canarias en Red prel 3rd"]
[Site "Playchess.com INT"]
[Date "2004.05.05"]
[Round "6"]
[White "Kunin, Pavel"]
[Black "Milanovic, Danilo"]
[Result "0-1"]
[WhiteElo "2188"]
[BlackElo "2443"]
[PlyCount "72"]
[EventDate "2004.05.05"]
[EventType "swiss (blitz)"]
[EventRounds "13"]
[EventCountry "GER"]
[SourceTitle "EXT 2005"]
[Source "ChessBase"]
[SourceDate "2004.11.15"]
[SourceVersion "1"]
[SourceVersionDate "2004.11.15"]
[SourceQuality "1"]

1. d4 Nf6 2. c4 c5 3. d5 b5 4. cxb5 a6 5. bxa6 d6 6. Nc3 Bxa6 7. Nf3 g6 8. e4 Bxf1 9. Kxf1 Nbd7 10. g3 Bg7 11. Kg2 0-0 12. Qc2 Ra6 13. h3 Qa8 14. Bg5 Rb8 15. Rhb1 e6 16. dxe6 fxe6 17. Qd3 d5 18. exd5 exd5 19. Rd1 d4 20. Qc4+ Kh8 21. Nb5 Qxf3+ 22. Kxf3 Ne5+ 23. Kg2 Nxc4 24. Nc7 Rc6 25. b3 Na3 26. Bxf6 Bxf6 27. Nd5 Bg7 28. Re1 Nc2 29. Ne7 Ra6 30. Rac1 Nxe1+ 31. Rxe1 Rxa2 32. Nc6 Rf8 33. Re7 Rfxf2+ 34. Kg1 Rfe2 35. Kf1 Rxe7 36. Nxe7 d3 0-1

[Event "Canarias en Red prel 3rd"]
[Site "Playchess.com INT"]
[Date "2004.05.05"]
[Round "1"]
[White "Schemmann, Bernhard"]
[Black "Kunin, Pavel"]
[Result "0-1"]
[WhiteElo "2250"]
[BlackElo "2188"]
[PlyCount "64"]
[EventDate "2004.05.05"]
[EventType "swiss (blitz)"]
[EventRounds "13"]
[EventCountry "GER"]
[SourceTitle "EXT 2005"]
[Source "ChessBase"]
[SourceDate "2004.11.15"]
[SourceVersion "1"]
[SourceVersionDate "2004.11.15"]
[SourceQuality "1"]

1. e4 c5 2. Nf3 d6 3. d4 cxd4 4. Nxd4 Nf6 5. Nc3 a6 6. Bg5 e6 7. f4 Nbd7 8. Qd2 Qc7 9. 0-0-0 b5 10. a3 Bb7 11. Bd3 Be7 12. g4 Nc5 13. Rde1 Nxg4 14. Rhg1 Bxg5 15. fxg5 Ne5 16. Bxb5+ axb5 17. Ndxb5 Qb6 18. Nxd6+ Ke7 19. Nxb7 Ned3+ 20. Kd1 Nxb2+ 21. Ke2 Qxb7 22. Rb1 Nxe4 23. Rxb2 Qxb2 24. Nxe4 Rad8 25. Qb4+ Qxb4 26. axb4 Rd4 27. Ke3 Rxb4 28. Rd1 Rd8 29. Rd3 Rxd3+ 30. cxd3 Rb2 31. Nf2 Rxf2 32. Kxf2 Kd6 0-1

[Event "ISR-ch U18"]
[Site "Petah Tikva"]
[Date "1997.??.??"]
[Round "8"]
[White "Kobrin, Michael"]
[Black "Kunin, Pavel"]
[Result "1-0"]
[WhiteElo "2235"]
[BlackElo "2125"]
[PlyCount "97"]
[EventDate "1997.04.13"]
[EventType "tourn"]
[EventRounds "9"]
[EventCountry "ISR"]
[SourceTitle "CBM 058 Extra"]
[Source "ChessBase"]
[SourceDate "1997.07.29"]
[SourceVersion "1"]
[SourceVersionDate "1997.07.29"]
[SourceQuality "1"]

1. d4 d5 2. c4 e6 3. Nc3 Nf6 4. Nf3 Be7 5. Bf4 0-0 6. e3 c5 7. dxc5 Bxc5 8. Qc2 Nc6 9. a3 Qa5 10. 0-0-0 Bd7 11. Bg5 Be7 12. Bd3 h6 13. Bh4 Rac8 14. Kb1 a6 15. cxd5 Nxd5 16. Nxd5 Bxh4 17. Nc3 Bf6 18. Bh7+ Kh8 19. Rxd7 b5 20. Be4 b4 21. axb4 Qxb4 22. Bxc6 Rxc6 23. Nd4 Rc4 24. Rc1 Rfc8 25. Qd3 a5 26. f4 a4 27. Na2 Rxc1+ 28. Nxc1 Qe1 29. Nc2 Qg1 30. Qe4 Bxb2 31. Kxb2 a3+ 32. Nxa3 Qxc1+ 33. Ka2 Rb8 34. Qd4 Qf1 35. Rd8+ Rxd8 36. Qxd8+ Kh7 37. Qd2 Qa6 38. Kb2 g6 39. Nc2 e5 40. Qd5 Qb6+ 41. Kc1 Kg8 42. Qxe5 Qc6 43. e4 Qc4 44. Kd2 Qf1 45. Ne3 Qb1 46. Ke2 Qa2+ 47. Kf3 Qb3 48. h4 h5 49. f5 1-0

[Event "ISR-ch U18"]
[Site "Petah Tikva"]
[Date "1997.??.??"]
[Round "9"]
[White "Kunin, Pavel"]
[Black "Rapoport, Evgeny"]
[Result "0-1"]
[WhiteElo "2125"]
[BlackElo "2280"]
[PlyCount "122"]
[EventDate "1997.04.13"]
[EventType "tourn"]
[EventRounds "9"]
[EventCountry "ISR"]
[SourceTitle "CBM 058 Extra"]
[Source "ChessBase"]
[SourceDate "1997.07.29"]
[SourceVersion "1"]
[SourceVersionDate "1997.07.29"]
[SourceQuality "1"]

1. d4 Nf6 2. c4 e6 3. Nf3 b6 4. g3 Bb4+ 5. Bd2 a5 6. Bg2 0-0 7. 0-0 Ba6 8. Qc2 d5 9. Bxb4 axb4 10. cxd5 exd5 11. Rc1 Nbd7 12. a3 Qe7 13. e3 c5 14. Nbd2 bxa3 15. Rxa3 Bb7 16. Rca1 Rac8 17. Qf5 c4 18. Ra7 Ra8 19. Rxa8 Rxa8 20. Rxa8+ Bxa8 21. Ne5 b5 22. Nxd7 Qxd7 23. Qe5 Bb7 24. Qb8+ Qc8 25. Qd6 h6 26. Qb4 Bc6 27. Nb1 Qf5 28. Na3 Bd7 29. Qd2 Ne4 30. Qc2 Qe6 31. f3 Ng5 32. e4 b4 33. Nb1 Qb6 34. Qf2 Bc6 35. Qe3 Ne6 36. f4 dxe4 37. Nd2 Qxd4 38. Qxd4 Nxd4 39. Nxc4 f5 40. Kf2 Bd5 41. Ne3 Be6 42. Nf1 Nc2 43. g4 g6 44. gxf5 gxf5 45. Ne3 Nxe3 46. Kxe3 Kf7 47. Kd4 Kg6 48. Bf1 Kh5 49. Be2+ Kh4 50. Kc5 b3 51. Kd6 Bf7 52. Ke5 Bh5 53. Bc4 e3 54. Kxf5 e2 55. Bxe2 Bxe2 56. Kg6 Kg4 57. f5 Bd3 58. h3+ Kf4 59. Kxh6 Bxf5 60. h4 Ke3 61. Kg5 Bh7 0-1